000 00354nam a22001457a 4500
003 OSt
008 210210b ||||| |||| 00| 0 eng d
020 _a9789382105657
082 _a621.4021
_bCHO/TH
100 _aChoudhary, Prabhat
_94910
245 _aThermodynamics
260 _aVaranasi
_bGreen Leaf Publications
_c2013
300 _a297
942 _cBK
999 _c17373
_d17373